000
00281nam a2200109Ia 4500
001
1280605
005
20260417163132.0
008
260417s9999 xx 000 0 und d
020
_a
9786256590168
245
0
_a
Oruç Tutan Hikâyeler
_c
Hüseyin Akın
260
_b
Şule Yayınları
999
_c
1280605
_d
1280605